000
00330nam a2200145Ia 4500
003
OSt
005
20240203155346.0
008
170523s9999 xx 000 0 und d
020
_a
978-0074516423
040
_c
iimt university meerut
100
_a
GANDHI- JC
245
0
_a
MARKETING
260
_b
TATA MC GRAW HILL
942
_2
ddc
_c
02
999
_c
279
_d
279